Microsoft encyclopedia of networking-(EBOOK) (Record no. 191059)
[ view plain ]
| 000 -LEADER | |
|---|---|
| fixed length control field | 00880 a2200253 4500 |
| 003 - CONTROL NUMBER IDENTIFIER | |
| control field | Nust |
| 005 - DATE AND TIME OF LATEST TRANSACTION | |
| control field | 20170207154008.0 |
| 010 ## - LIBRARY OF CONGRESS CONTROL NUMBER | |
| LC control number | 2002020190 |
| 020 ## - INTERNATIONAL STANDARD BOOK NUMBER | |
| International Standard Book Number | 0735613788 |
| 040 ## - CATALOGING SOURCE | |
| Transcribing agency | Nust |
| 082 00 - DEWEY DECIMAL CLASSIFICATION NUMBER | |
| Classification number | 004.603 |
| 100 1# - MAIN ENTRY--PERSONAL NAME | |
| Personal name | Tulloch, Mitch. |
| 245 10 - TITLE STATEMENT | |
| Title | Microsoft encyclopedia of networking-(EBOOK) |
| Statement of responsibility, etc. | Mitch Tulloch, Ingrid Tulloch. |
| 246 30 - VARYING FORM OF TITLE | |
| Title proper/short title | Encyclopedia of networking |
| 250 ## - EDITION STATEMENT | |
| Edition statement | 2nd ed. |
| 260 ## - PUBLICATION, DISTRIBUTION, ETC. | |
| Place of publication, distribution, etc. | Redmond, Wash. : |
| Name of publisher, distributor, etc. | Microsoft Press, |
| Date of publication, distribution, etc. | c2002. |
| 300 ## - PHYSICAL DESCRIPTION | |
| Extent | lvi, 1313 p. : |
| Other physical details | ill. ; |
| Dimensions | 25 cm |
| Accompanying material | 1 computer laser optical disc (4 3/4 in.) |
| 500 ## - GENERAL NOTE | |
| General note | Includes index. |
| 650 #0 - SUBJECT ADDED ENTRY--TOPICAL TERM | |
| Topical term or geographic name entry element | Computer networks |
| 651 ## - SUBJECT ADDED ENTRY--GEOGRAPHIC NAME | |
| Geographic name | EBOOK |
| 700 1# - ADDED ENTRY--PERSONAL NAME | |
| Personal name | Tulloch, Ingrid. |
| 856 42 - ELECTRONIC LOCATION AND ACCESS | |
| Materials specified | Contributor biographical information |
| Uniform Resource Identifier | <a href="http://www.loc.gov/catdir/enhancements/fy1004/2002020190-b.html">http://www.loc.gov/catdir/enhancements/fy1004/2002020190-b.html</a> |
| 856 42 - ELECTRONIC LOCATION AND ACCESS | |
| Materials specified | Publisher description |
| Uniform Resource Identifier | <a href="http://www.loc.gov/catdir/enhancements/fy1004/2002020190-d.html">http://www.loc.gov/catdir/enhancements/fy1004/2002020190-d.html</a> |
| 942 ## - ADDED ENTRY ELEMENTS (KOHA) | |
| Source of classification or shelving scheme | |
| Koha item type | Book |
| Withdrawn status | Lost status | Source of classification or shelving scheme | Damaged status | Not for loan | Collection code | Permanent Location | Current Location | Date acquired | Total Checkouts | Full call number | Barcode | Date last seen | Price effective from | Koha item type |
|---|---|---|---|---|---|---|---|---|---|---|---|---|---|---|
| Military College of Signals (MCS) | Military College of Signals (MCS) | 12/12/2016 | 004.603 TUL | MCSEB-19 | 12/08/2016 | 12/12/2016 | Book |
